Composite materials: science and engineering

Saved in:
Bibliografiske detaljer
Hovedforfatter: Chawla, Krishan K (Author)
Format: Bog
Sprog:engelsk
Udgivet: Nueva York Springer 2012
Udgivelse:3a. ed
Fag:
Tags: Tilføj Tag
Ingen Tags, Vær først til at tagge denne postø!

MARC

LEADER 00000cam a2200000 a 4500
001 UCE5623
003 CL-VaPUC
008 150123e20120000us |||||||||||||||||eng|d
020 |a 9780387743646 
082 0 4 |a 620.11  |b CHA  |2 21 
100 0 |a Chawla, Krishan K  |e author  |9 578279 
245 1 0 |a Composite materials: science and engineering 
250 |a 3a. ed 
300 |a 542 p 
942 |c BK 
945 |d 20150123 15:06:00  |a arojas 
260 |a Nueva York  |b Springer  |c 2012 
650 0 |a Materiales compuestos   |9 365510 
650 0 |a Ciencia de los materiales  |9 317742 
650 0 |a Química  |9 259896 
583 |a last modification  |c 20190801 07:02:20  |k Rodrigo Vera 
999 |c 358279  |d 358277 
952 |0 0  |1 0  |3 erd  |4 0  |6 620_110000000000000_CHA_2012  |7 0  |8 A  |9 466892  |a BIBMEC  |b BIBMEC  |i 5136415  |l 1  |o 620.11 CHA 2012  |p 5136415  |r 2024-09-09  |s 2024-07-01  |w 2019-11-23  |y BK  |z Catalogado en:20150123  |k MEC